[Event "XXVII Miedzynarodowy Festiwal Szachowy im. Jozefa Dominika"]
[Site "Dobczyce"]
[Date "2019.07.06"]
[Round "3.8"]
[White "Mirowska, Oliwia"]
[Black "Jalowiec, Halina"]
[Result "1-0"]
[BlackElo "1919"]
[WhiteElo "1735"]
[LiveChessVersion "1.4.8"]

1. f4 {[%clk 1:30:48]} d5 {[%clk 1:30:54]} 2. Nf3 {[%clk 1:31:03]} g6
{[%clk 1:31:09]} 3. d3 {[%clk 1:31:25]} Bg7 {[%clk 1:31:31]} 4. g3
{[%clk 1:31:47]} Nd7 {[%clk 1:31:36]} 5. Bg2 {[%clk 1:31:58]} e5 {[%clk 1:31:12]}
6. fxe5 {[%clk 1:32:12]} Nxe5 {[%clk 1:31:33]} 7. O-O {[%clk 1:30:48]} Nxf3+
{[%clk 1:29:22]} 8. exf3 {[%clk 1:30:46]} Ne7 {[%clk 1:29:19]} 9. c3
{[%clk 1:29:54]} Be6 {[%clk 1:28:12]} 10. d4 {[%clk 1:30:01]} Qd7
{[%clk 1:27:58]} 11. Bf4 {[%clk 1:29:53]} h5 {[%clk 1:25:07]} 12. Re1
{[%clk 1:28:33]} Nf5 {[%clk 1:21:00]} 13. Na3 {[%clk 1:26:39]} a6
{[%clk 1:19:51]} 14. Nc2 {[%clk 1:26:46]} O-O {[%clk 1:20:01]} 15. Nb4
{[%clk 1:25:56]} b6 {[%clk 1:17:48]} 16. Nd3 {[%clk 1:25:41]} f6 {[%clk 1:16:46]}
17. Bxc7 {[%clk 1:23:27]} Qxc7 {[%clk 1:13:47]} 18. Rxe6 {[%clk 1:23:50]} Rfe8
{[%clk 1:08:27]} 19. Nf4 {[%clk 1:19:29]} Rxe6 {[%clk 1:06:49]} 20. Nxe6
{[%clk 1:19:51]} Qd6 {[%clk 1:07:02]} 21. Nxg7 Kxg7 {[%clk 1:07:05]} 22. Qe2
{[%clk 1:20:05]} a5 {[%clk 1:07:16]} 23. Re1 {[%clk 1:20:07]} Ra7
{[%clk 1:06:50]} 24. Qd2 {[%clk 1:17:02]} Re7 {[%clk 1:06:02]} 25. Kf2
{[%clk 1:11:08]} Rxe1 {[%clk 1:03:08]} 26. Qxe1 {[%clk 1:11:29]} Kf7
{[%clk 1:03:26]} 27. Qe2 {[%clk 1:10:56]} Qe7 {[%clk 1:03:36]} 28. Qd3
{[%clk 1:08:28]} Nd6 {[%clk 1:00:37]} 29. b3 {[%clk 1:06:50]} b5 {[%clk 0:58:45]}
30. f4 {[%clk 1:01:42]} Qe6 {[%clk 0:56:11]} 31. Qe3 {[%clk 0:56:56]} Qxe3+
{[%clk 0:54:43]} 32. Kxe3 {[%clk 0:57:19]} Ke6 {[%clk 0:54:30]} 33. Kd3
{[%clk 0:55:53]} f5 {[%clk 0:41:05]} 34. Bf3 {[%clk 0:55:20]} a4 {[%clk 0:41:07]}
35. Bg2 {[%clk 0:53:21]} axb3 {[%clk 0:40:07]} 36. axb3 {[%clk 0:53:46]} Nc8
{[%clk 0:25:19]} 37. c4 {[%clk 0:53:05]} bxc4+ {[%clk 0:25:46]} 38. bxc4
{[%clk 0:53:28]} dxc4+ {[%clk 0:26:10]} 39. Kxc4 {[%clk 0:53:54]} Kd6
{[%clk 0:26:25]} 40. Kb5 {[%clk 0:52:50]} Ne7 {[%clk 0:26:05]} 41. Kb6
{[%clk 0:51:31]} Nc8+ {[%clk 0:25:35]} 42. Kb7 {[%clk 0:51:06]} Ne7
{[%clk 0:25:53]} 43. Kb6 {[%clk 0:39:43]} Nc8+ {[%clk 0:26:13]} 44. Kb5
{[%clk 0:39:43]} Na7+ {[%clk 0:23:54]} 45. Kc4 {[%clk 0:39:55]} Nc8
{[%clk 0:23:41]} 46. Bf3 {[%clk 0:36:46]} Nb6+ {[%clk 0:23:21]} 47. Kb4
{[%clk 0:35:51]} Nc8 {[%clk 0:23:17]} 48. Bd1 {[%clk 0:35:05]} Kd5
{[%clk 0:17:58]} 49. Kc3 {[%clk 0:33:02]} Kd6 {[%clk 0:14:20]} 50. Bb3
{[%clk 0:32:56]} Ke7 {[%clk 0:14:00]} 51. Kb4 {[%clk 0:18:06]} Nd6
{[%clk 0:09:31]} 52. Kc5 {[%clk 0:16:21]} Ne4+ {[%clk 0:09:22]} 53. Kc6
{[%clk 0:16:27]} Nd6 {[%clk 0:09:34]} 54. d5 {[%clk 0:15:28]} Ne8
{[%clk 0:08:58]} 55. Bc4 {[%clk 0:15:26]} Nd6 {[%clk 0:09:21]} 56. Be2
{[%clk 0:13:04]} Ne8 {[%clk 0:09:41]} 57. h3 {[%clk 0:12:43]} Nd6
{[%clk 0:10:06]} 58. g4 {[%clk 0:11:56]} fxg4 {[%clk 0:10:33]} 59. hxg4
{[%clk 0:12:06]} h4 {[%clk 0:10:58]} 60. Bf1 {[%clk 0:12:08]} Nf7
{[%clk 0:11:08]} 61. Kc7 {[%clk 0:10:50]} Nd6 {[%clk 0:11:27]} 62. g5
{[%clk 0:09:42]} Ne8+ {[%clk 0:11:39]} 63. Kc6 {[%clk 0:09:32]} Nd6
{[%clk 0:12:00]} 64. Bh3 {[%clk 0:09:21]} Ne8 {[%clk 0:11:48]} 65. f5
{[%clk 0:08:37]} gxf5 {[%clk 0:12:15]} 66. Bxf5 {[%clk 0:09:02]} Nd6
{[%clk 0:12:23]} 67. Bg4 {[%clk 0:09:19]} Ne8 {[%clk 0:12:27]} 68. Bh3
{[%clk 0:09:10]} Kd8 {[%clk 0:12:40]} 69. d6 {[%clk 0:07:31]} Ng7
{[%clk 0:13:02]} 70. Kd5 {[%clk 0:07:43]} Ke8 {[%clk 0:12:46]} 71. Ke5
{[%clk 0:08:03]} Kf7 {[%clk 0:12:52]} 72. Bg4 {[%clk 0:07:32]} Kf8
{[%clk 0:12:54]} 73. g6 1-0

[Event "XXVII Miedzynarodowy Festiwal Szachowy im. Jozefa Dominika"]
[Site "Dobczyce"]
[Date "2019.07.06"]
[Round "3.9"]
[White "Seredyn, Dominik"]
[Black "Klementys, Jerzy"]
[Result "1-0"]
[BlackElo "1656"]
[WhiteElo "1737"]
[LiveChessVersion "1.4.8"]

1. Nf3 {[%clk 1:30:47]} Nf6 {[%clk 1:30:58]} 2. c4 {[%clk 1:31:05]} g6
{[%clk 1:31:21]} 3. Nc3 {[%clk 1:31:28]} Bg7 {[%clk 1:31:49]} 4. g3
{[%clk 1:31:32]} d5 {[%clk 1:31:56]} 5. cxd5 {[%clk 1:31:39]} Nxd5
{[%clk 1:32:24]} 6. Bg2 {[%clk 1:32:00]} c5 {[%clk 1:30:57]} 7. O-O
{[%clk 1:31:50]} O-O {[%clk 1:30:36]} 8. d4 {[%clk 1:30:02]} cxd4
{[%clk 1:30:20]} 9. Nxd4 {[%clk 1:30:17]} Nxc3 {[%clk 1:28:42]} 10. bxc3
{[%clk 1:30:37]} Qa5 {[%clk 1:22:56]} 11. Qc2 {[%clk 1:26:49]} Na6
{[%clk 1:21:33]} 12. Rb1 {[%clk 1:23:15]} e5 {[%clk 1:19:43]} 13. Nb3
{[%clk 1:23:16]} Qc7 {[%clk 1:19:59]} 14. Ba3 {[%clk 1:22:46]} Re8
{[%clk 1:19:10]} 15. Rfd1 {[%clk 1:20:32]} Bf5 {[%clk 1:18:07]} 16. e4
{[%clk 1:20:52]} Be6 {[%clk 1:18:03]} 17. Bd6 {[%clk 1:17:13]} Qc8
{[%clk 1:16:07]} 18. Bf1 {[%clk 1:13:44]} Bg4 {[%clk 1:12:18]} 19. Rd5
{[%clk 1:12:05]} Be6 {[%clk 1:11:34]} 20. Rd2 {[%clk 1:10:19]} Bh6
{[%clk 1:10:16]} 21. f4 {[%clk 1:10:19]} exf4 {[%clk 1:10:16]} 22. gxf4
{[%clk 1:10:19]} b6 {[%clk 1:10:16]} 23. Nd4 {[%clk 1:10:19]} Bc4
{[%clk 1:10:16]} 24. Rg2 {[%clk 1:10:19]} Bxf1 {[%clk 1:10:16]} 25. Rxf1
{[%clk 1:10:19]} Nc5 {[%clk 1:10:16]} 26. Nf5 {[%clk 1:10:19]} Bf8
{[%clk 1:10:16]} 27. Bxf8 {[%clk 1:10:19]} Kxf8 {[%clk 1:10:16]} 28. Nd6
{[%clk 1:10:19]} Qc6 {[%clk 1:10:16]} 29. Nxe8 {[%clk 1:10:19]} Rxe8
{[%clk 1:10:16]} 30. e5 {[%clk 1:10:19]} Ne4 {[%clk 1:10:16]} 31. Qd3
{[%clk 1:10:19]} Rc8 {[%clk 1:10:16]} 32. f5 {[%clk 1:10:19]} Nxc3
{[%clk 1:10:16]} 33. fxg6 {[%clk 1:10:19]} hxg6 {[%clk 1:10:16]} 34. Qxg6
{[%clk 1:10:19]} Ne2+ {[%clk 1:10:16]} 35. Kh1 {[%clk 1:10:19]} Qxg6
{[%clk 1:10:16]} 36. Rxg6 {[%clk 1:10:19]} Rc1 {[%clk 1:10:16]} 37. Rxc1
{[%clk 1:10:19]} Nxc1 {[%clk 1:10:16]} 38. Rg2 {[%clk 1:10:19]} Nd3
{[%clk 1:10:16]} 39. Re2 {[%clk 1:10:19]} Ke7 {[%clk 1:10:16]} 40. h4
{[%clk 1:10:19]} Ke6 {[%clk 1:10:16]} 41. h5 {[%clk 1:10:19]} Kf5
{[%clk 1:10:16]} 42. h6 {[%clk 1:10:19]} Kg6 {[%clk 1:10:16]} 43. e6
{[%clk 1:10:19]} fxe6 {[%clk 1:10:16]} 44. Rxe6+ {[%clk 1:10:19]} Kh7
{[%clk 1:10:16]} 45. Kh2 {[%clk 1:10:19]} Nb4 {[%clk 1:10:16]} 46. Kh3
{[%clk 1:10:19]} Nxa2 {[%clk 1:10:16]} 47. Kh4 {[%clk 1:10:19]} Nc3
{[%clk 1:10:16]} 48. Kh5 {[%clk 1:10:19]} Nd5 {[%clk 1:10:16]} 49. Rd6
{[%clk 1:10:19]} Nf4+ {[%clk 1:10:16]} 50. Kg5 {[%clk 1:10:19]} Nh3+
{[%clk 1:10:16]} 51. Kg4 {[%clk 1:10:19]} Nf2+ {[%clk 1:10:16]} 52. Kh5
{[%clk 1:10:19]} Nh3 {[%clk 1:10:16]} 53. Rd7+ {[%clk 1:10:19]} Kg8
{[%clk 1:10:16]} 54. h7+ {[%clk 1:10:19]} Kh8 {[%clk 1:10:16]} 55. Kh6
{[%clk 1:10:19]} 1-0

[Event "XXVII Miedzynarodowy Festiwal Szachowy im. Jozefa Dominika"]
[Site "Dobczyce"]
[Date "2019.07.07"]
[Round "4.1"]
[White "Cisek, Kamil"]
[Black "Kyc, Jerzy"]
[Result "1/2-1/2"]
[BlackElo "2279"]
[WhiteElo "1891"]
[LiveChessVersion "1.4.8"]

1. d4 {[%clk 1:30:58]} d5 {[%clk 1:30:51]} 2. c4 {[%clk 1:31:18]} c6
{[%clk 1:31:20]} 3. e3 {[%clk 1:31:39]} Nf6 {[%clk 1:31:44]} 4. Nf3
{[%clk 1:32:02]} a6 {[%clk 1:31:48]} 5. a4 {[%clk 1:31:40]} a5 {[%clk 1:32:01]}
6. Bd3 {[%clk 1:30:42]} g6 {[%clk 1:31:50]} 7. O-O {[%clk 1:30:42]} Bg7
{[%clk 1:32:18]} 8. b3 {[%clk 1:28:45]} O-O {[%clk 1:32:42]} 9. Nc3
{[%clk 1:28:18]} Na6 {[%clk 1:32:49]} 10. cxd5 {[%clk 1:22:50]} Nxd5
{[%clk 1:31:14]} 11. Nxd5 {[%clk 1:23:10]} Qxd5 {[%clk 1:31:40]} 12. Bc4
{[%clk 1:22:25]} Qh5 {[%clk 1:30:42]} 13. Ba3 {[%clk 1:20:12]} Nb4
{[%clk 1:30:31]} 14. Bxb4 {[%clk 1:18:20]} axb4 {[%clk 1:30:59]} 15. Ne5
{[%clk 1:10:34]} Qf5 {[%clk 1:28:00]} 16. Bd3 {[%clk 1:07:02]} Qe6
{[%clk 1:26:35]} 17. Bc4 {[%clk 0:57:19]} Qd6 {[%clk 1:26:53]} 18. f4
{[%clk 0:55:17]} c5 {[%clk 1:24:08]} 19. dxc5 {[%clk 0:54:04]} Qxc5
{[%clk 1:22:56]} 20. Qd4 {[%clk 0:54:22]} Qxd4 {[%clk 1:19:20]} 21. exd4
{[%clk 0:54:46]} Bf5 {[%clk 1:12:44]} 22. Rad1 {[%clk 0:47:25]} Rad8
{[%clk 1:05:28]} 23. h3 {[%clk 0:42:27]} Rd6 {[%clk 1:03:37]} 24. Rfe1
{[%clk 0:37:26]} Be6 {[%clk 0:44:08]} 25. Bxe6 {[%clk 0:25:35]} Rxe6
{[%clk 0:41:30]} 26. d5 {[%clk 0:24:39]} 1/2-1/2

[Event "XXVII Miedzynarodowy Festiwal Szachowy im. Jozefa Dominika"]
[Site "Dobczyce"]
[Date "2019.07.07"]
[Round "4.2"]
[White "Iwanczuk, Krzysztof"]
[Black "Luberanski, Jakub"]
[Result "0-1"]
[BlackElo "2010"]
[WhiteElo "1775"]
[LiveChessVersion "1.4.8"]

1. d4 {[%clk 1:30:57]} Nf6 {[%clk 1:30:55]} 2. Bf4 {[%clk 1:31:14]} g6
{[%clk 1:31:18]} 3. Nc3 {[%clk 1:31:37]} d5 {[%clk 1:31:43]} 4. e3
{[%clk 1:32:00]} Bg7 {[%clk 1:32:00]} 5. h4 {[%clk 1:31:48]} c6 {[%clk 1:32:20]}
6. h5 {[%clk 1:29:47]} Nxh5 {[%clk 1:31:46]} 7. Rxh5 {[%clk 1:30:11]} gxh5
{[%clk 1:32:13]} 8. Qxh5 {[%clk 1:30:36]} Nd7 {[%clk 1:31:48]} 9. Qh2
{[%clk 1:30:22]} Nf6 {[%clk 1:31:17]} 10. Bd3 {[%clk 1:24:14]} Bg4
{[%clk 1:22:11]} 11. Nf3 {[%clk 1:20:08]} Bh5 {[%clk 1:13:01]} 12. O-O-O
{[%clk 1:19:31]} Bg6 {[%clk 1:05:03]} 13. Ne5 {[%clk 1:18:47]} Nd7
{[%clk 1:03:37]} 14. Nf3 {[%clk 1:05:25]} e6 {[%clk 0:55:40]} 15. e4
{[%clk 1:00:23]} dxe4 {[%clk 0:47:43]} 16. Nxe4 {[%clk 0:59:34]} Bxe4
{[%clk 0:48:04]} 17. Bxe4 {[%clk 0:59:59]} Nf6 {[%clk 0:48:31]} 18. Bd3
{[%clk 0:58:32]} Qd5 {[%clk 0:48:25]} 19. c4 {[%clk 0:58:04]} Qh5
{[%clk 0:48:30]} 20. Ne5 {[%clk 0:49:37]} Qxh2 {[%clk 0:48:26]} 21. Bxh2
{[%clk 0:50:02]} Rd8 {[%clk 0:47:16]} 22. Bc2 {[%clk 0:49:47]} h5
{[%clk 0:46:47]} 23. Bb3 {[%clk 0:48:08]} Ng4 {[%clk 0:46:33]} 24. Bf4
{[%clk 0:45:52]} Nxe5 {[%clk 0:45:10]} 25. Bxe5 {[%clk 0:46:01]} Bxe5
{[%clk 0:45:28]} 26. dxe5 {[%clk 0:46:26]} Rxd1+ {[%clk 0:45:54]} 27. Bxd1
{[%clk 0:46:47]} h4 {[%clk 0:43:42]} 28. f4 {[%clk 0:46:29]} Rg8 {[%clk 0:43:47]}
29. Bf3 {[%clk 0:46:50]} Rg3 {[%clk 0:43:49]} 0-1

[Event "XXVII Miedzynarodowy Festiwal Szachowy im. Jozefa Dominika"]
[Site "Dobczyce"]
[Date "2019.07.07"]
[Round "4.3"]
[White "Widla, Piotr"]
[Black "Kawalko, Adam"]
[Result "1-0"]
[BlackElo "1920"]
[WhiteElo "1989"]
[LiveChessVersion "1.4.8"]

1. e4 {[%clk 1:30:58]} c5 {[%clk 1:30:58]} 2. Nc3 {[%clk 1:31:20]} e6
{[%clk 1:31:13]} 3. g3 {[%clk 1:31:37]} d6 {[%clk 1:31:24]} 4. Bg2
{[%clk 1:31:58]} Nc6 {[%clk 1:31:38]} 5. d3 {[%clk 1:32:23]} g6 {[%clk 1:31:39]}
6. Be3 {[%clk 1:32:45]} Bg7 {[%clk 1:31:38]} 7. Qd2 {[%clk 1:33:09]} Rb8
{[%clk 1:30:46]} 8. a4 {[%clk 1:31:46]} Nd4 {[%clk 1:29:21]} 9. Nge2
{[%clk 1:29:14]} Ne7 {[%clk 1:27:00]} 10. Nc1 {[%clk 1:20:03]} a6
{[%clk 1:21:24]} 11. Nd1 {[%clk 1:19:29]} h5 {[%clk 1:18:55]} 12. c3
{[%clk 1:16:29]} Ndc6 {[%clk 1:19:10]} 13. f4 {[%clk 1:16:43]} b6
{[%clk 1:13:21]} 14. O-O {[%clk 1:09:59]} Qc7 {[%clk 1:11:27]} 15. Ne2
{[%clk 1:09:21]} O-O {[%clk 1:10:32]} 16. Rc1 {[%clk 1:07:26]} Rd8
{[%clk 1:09:24]} 17. b4 {[%clk 1:03:57]} Qd7 {[%clk 1:06:05]} 18. b5
{[%clk 0:55:35]} axb5 {[%clk 1:02:33]} 19. axb5 {[%clk 0:55:20]} Na5
{[%clk 1:02:01]} 20. Rb1 {[%clk 0:54:19]} c4 {[%clk 1:00:20]} 21. dxc4
{[%clk 0:51:06]} Nxc4 {[%clk 1:00:19]} 22. Qd3 {[%clk 0:51:02]} Nxe3
{[%clk 1:00:01]} 23. Nxe3 {[%clk 0:51:17]} Qc7 {[%clk 0:55:04]} 24. Rbd1
{[%clk 0:45:15]} Bb7 {[%clk 0:48:40]} 25. f5 {[%clk 0:36:50]} exf5
{[%clk 0:43:27]} 26. exf5 {[%clk 0:37:14]} Nxf5 {[%clk 0:41:57]} 27. Nxf5
{[%clk 0:37:26]} gxf5 {[%clk 0:41:46]} 28. Rxf5 {[%clk 0:35:38]} h4
{[%clk 0:40:26]} 29. Rdf1 {[%clk 0:28:15]} Bxg2 {[%clk 0:37:28]} 30. Kxg2
{[%clk 0:27:02]} Rbc8 {[%clk 0:36:07]} 31. Rh5 {[%clk 0:24:45]} Qc4
{[%clk 0:33:19]} 32. Qh7+ {[%clk 0:24:20]} Kf8 {[%clk 0:33:47]} 33. Nf4
{[%clk 0:23:48]} Qxc3 {[%clk 0:27:38]} 34. Ng6+ {[%clk 0:22:38]} 1-0

[Event "XXVII Miedzynarodowy Festiwal Szachowy im. Jozefa Dominika"]
[Site "Dobczyce"]
[Date "2019.07.07"]
[Round "4.4"]
[White "Gbyl, Andrzej"]
[Black "Kuciel, Wladyslaw"]
[Result "1-0"]
[BlackElo "1966"]
[WhiteElo "2234"]
[LiveChessVersion "1.4.8"]

1. d4 {[%clk 1:30:57]} Nf6 {[%clk 1:30:48]} 2. c4 {[%clk 1:31:17]} e6
{[%clk 1:31:12]} 3. g3 {[%clk 1:31:37]} d5 {[%clk 1:25:43]} 4. Bg2
{[%clk 1:31:48]} Be7 {[%clk 1:24:44]} 5. Nf3 {[%clk 1:32:12]} O-O
{[%clk 1:24:56]} 6. O-O {[%clk 1:32:37]} Nbd7 {[%clk 1:25:06]} 7. Qc2
{[%clk 1:31:12]} b6 {[%clk 1:23:48]} 8. cxd5 {[%clk 1:30:36]} Nxd5
{[%clk 1:20:32]} 9. a3 {[%clk 1:30:17]} Bb7 {[%clk 1:20:27]} 10. e4
{[%clk 1:30:19]} N5f6 {[%clk 1:20:47]} 11. Nc3 {[%clk 1:30:30]} c5
{[%clk 1:19:45]} 12. Rd1 {[%clk 1:30:29]} cxd4 {[%clk 1:16:37]} 13. Nxd4
{[%clk 1:30:51]} Qc7 {[%clk 1:16:29]} 14. Be3 {[%clk 1:17:44]} a6
{[%clk 1:14:55]} 15. Qe2 {[%clk 1:11:48]} Rac8 {[%clk 1:08:32]} 16. f4
{[%clk 1:08:23]} Nc5 {[%clk 1:01:41]} 17. Rac1 {[%clk 1:03:20]} Qb8
{[%clk 1:01:32]} 18. e5 {[%clk 0:56:41]} Nfe4 {[%clk 1:01:26]} 19. Nxe4
{[%clk 0:50:48]} Nxe4 {[%clk 0:59:16]} 20. Nb3 {[%clk 0:42:57]} f5
{[%clk 0:53:52]} 21. Nd4 {[%clk 0:32:15]} Rxc1 {[%clk 0:52:41]} 22. Rxc1
{[%clk 0:32:39]} Rc8 {[%clk 0:52:51]} 23. Rd1 {[%clk 0:26:27]} Bd5
{[%clk 0:49:50]} 24. Qxa6 {[%clk 0:26:13]} Bc5 {[%clk 0:42:44]} 25. Qd3
{[%clk 0:26:29]} g6 {[%clk 0:40:17]} 26. Nc2 {[%clk 0:16:22]} Be7
{[%clk 0:37:25]} 27. Bd4 {[%clk 0:12:47]} Rd8 {[%clk 0:31:25]} 28. b4
{[%clk 0:11:26]} b5 {[%clk 0:29:24]} 29. Ne3 {[%clk 0:11:45]} Bc6
{[%clk 0:29:13]} 30. Qb3 {[%clk 0:11:14]} Kf7 {[%clk 0:29:04]} 31. g4
{[%clk 0:10:06]} Bh4 {[%clk 0:26:47]} 32. gxf5 {[%clk 0:07:54]} gxf5
{[%clk 0:22:17]} 33. Nxf5 {[%clk 0:08:12]} Bd5 {[%clk 0:21:52]} 34. Qh3
{[%clk 0:08:14]} exf5 {[%clk 0:21:08]} 35. Qxf5+ {[%clk 0:08:00]} Nf6
{[%clk 0:20:47]} 36. exf6 {[%clk 0:08:14]} Bxg2 {[%clk 0:20:52]} 37. Qxh7+
{[%clk 0:08:17]} Ke6 {[%clk 0:20:52]} 38. f5+ {[%clk 0:07:23]} Kd6
{[%clk 0:19:51]} 39. Ba7+ {[%clk 0:04:26]} Kc6 {[%clk 0:20:00]} 40. Rc1+
{[%clk 0:04:40]} 1-0

[Event "XXVII Miedzynarodowy Festiwal Szachowy im. Jozefa Dominika"]
[Site "Dobczyce"]
[Date "2019.07.07"]
[Round "4.5"]
[White "Cichon, Jakub"]
[Black "Krawczyk, Wojciech"]
[Result "1/2-1/2"]
[BlackElo "1780"]
[WhiteElo "1707"]
[LiveChessVersion "1.4.8"]

1. e4 {[%clk 1:30:56]} d6 {[%clk 1:29:50]} 2. d4 {[%clk 1:31:06]} g6
{[%clk 1:30:15]} 3. Nc3 {[%clk 1:30:22]} Bg7 {[%clk 1:30:32]} 4. f4
{[%clk 1:30:43]} c6 {[%clk 1:30:33]} 5. Nf3 {[%clk 1:27:11]} Nf6 {[%clk 1:30:51]}
6. Be3 {[%clk 1:26:11]} b5 {[%clk 1:25:38]} 7. e5 {[%clk 1:18:52]} Ng4
{[%clk 1:22:21]} 8. Bg1 {[%clk 1:18:12]} h5 {[%clk 1:22:05]} 9. Bd3
{[%clk 1:16:52]} Nh6 {[%clk 1:21:33]} 10. Qd2 {[%clk 1:03:32]} d5
{[%clk 1:19:56]} 11. O-O-O {[%clk 0:59:37]} Bf5 {[%clk 1:20:08]} 12. h3
{[%clk 0:55:53]} Bxd3 {[%clk 1:16:28]} 13. Qxd3 {[%clk 0:54:49]} e6
{[%clk 1:15:44]} 14. Bf2 {[%clk 0:53:49]} Nd7 {[%clk 1:15:24]} 15. Kb1
{[%clk 0:53:12]} a5 {[%clk 1:13:30]} 16. Ng5 {[%clk 0:50:01]} Qe7
{[%clk 1:08:10]} 17. Rdg1 {[%clk 0:45:12]} Nb6 {[%clk 1:04:24]} 18. g4
{[%clk 0:42:18]} hxg4 {[%clk 1:04:37]} 19. hxg4 {[%clk 0:42:27]} Kd7
{[%clk 1:03:46]} 20. Nf3 {[%clk 0:36:23]} a4 {[%clk 1:02:38]} 21. Nh4
{[%clk 0:33:35]} g5 {[%clk 0:33:08]} 22. fxg5 {[%clk 0:25:56]} Qxg5
{[%clk 0:33:29]} 23. Be3 {[%clk 0:26:10]} Qe7 {[%clk 0:33:46]} 24. g5
{[%clk 0:24:54]} Ng8 {[%clk 0:33:55]} 25. Ne2 {[%clk 0:21:02]} Nc4
{[%clk 0:33:46]} 26. Nf4 {[%clk 0:20:30]} Qb4 {[%clk 0:25:29]} 27. Bc1
{[%clk 0:19:21]} Nxb2 {[%clk 0:23:03]} 28. Bxb2 {[%clk 0:19:05]} a3
{[%clk 0:23:29]} 29. Qc3 {[%clk 0:18:03]} Qxb2+ {[%clk 0:23:46]} 30. Qxb2
{[%clk 0:18:31]} axb2 {[%clk 0:24:10]} 31. Kxb2 {[%clk 0:15:36]} c5
{[%clk 0:21:03]} 32. c3 {[%clk 0:09:46]} cxd4 {[%clk 0:15:22]} 33. cxd4
{[%clk 0:10:14]} Ra4 {[%clk 0:15:34]} 34. Ne2 {[%clk 0:10:20]} Ne7
{[%clk 0:12:54]} 35. Nf3 {[%clk 0:08:36]} Rha8 {[%clk 0:12:06]} 36. Ra1
{[%clk 0:07:55]} Rb4+ {[%clk 0:12:21]} 37. Kc2 {[%clk 0:06:55]} Nf5
{[%clk 0:11:47]} 38. Rhb1 {[%clk 0:04:51]} Rc4+ {[%clk 0:08:38]} 39. Kd2
{[%clk 0:04:42]} Bf8 {[%clk 0:08:11]} 40. a3 {[%clk 0:03:35]} b4 {[%clk 0:05:54]}
41. axb4 {[%clk 0:03:50]} Bxb4+ {[%clk 0:03:08]} 42. Kd3 {[%clk 0:04:19]} Rxa1
{[%clk 0:02:42]} 43. Rxa1 {[%clk 0:04:49]} Rc7 {[%clk 0:02:44]} 44. Ra4
{[%clk 0:04:02]} Rb7 {[%clk 0:02:08]} 45. Nc1 {[%clk 0:01:50]} Be7
{[%clk 0:02:15]} 46. Ra8 {[%clk 0:01:25]} Ng3 {[%clk 0:02:11]} 47. Rh8
{[%clk 0:01:17]} Ne4 {[%clk 0:02:13]} 48. Rh7 {[%clk 0:01:02]} Rb1
{[%clk 0:01:15]} 49. Kc2 {[%clk 0:01:09]} Rb4 {[%clk 0:01:13]} 50. Rxf7
{[%clk 0:00:57]} Rc4+ {[%clk 0:01:03]} 51. Kd1 {[%clk 0:00:50]} Nc3+
{[%clk 0:00:54]} 52. Ke1 {[%clk 0:01:04]} Ne4 {[%clk 0:01:15]} 53. Kd1
{[%clk 0:01:06]} Nc3+ {[%clk 0:01:13]} 54. Ke1 {[%clk 0:01:35]} Ne4
{[%clk 0:01:35]} 55. Kd1 {[%clk 0:00:41]} Nc3+ {[%clk 0:01:48]} 1/2-1/2

[Event "XXVII Miedzynarodowy Festiwal Szachowy im. Jozefa Dominika"]
[Site "Dobczyce"]
[Date "2019.07.07"]
[Round "4.6"]
[White "Slabek, Grzegorz"]
[Black "Kawula, Andrzej"]
[Result "1-0"]
[BlackElo "1876"]
[WhiteElo "1953"]
[LiveChessVersion "1.4.8"]

1. d4 {[%clk 1:30:55]} d5 {[%clk 1:30:47]} 2. c4 {[%clk 1:31:02]} e6
{[%clk 1:31:07]} 3. Nc3 {[%clk 1:31:22]} f5 {[%clk 1:31:06]} 4. Nf3
{[%clk 1:31:30]} Nf6 {[%clk 1:31:28]} 5. Bg5 {[%clk 1:31:47]} Be7
{[%clk 1:31:53]} 6. e3 {[%clk 1:32:10]} O-O {[%clk 1:32:11]} 7. Qb3
{[%clk 1:32:03]} c6 {[%clk 1:32:23]} 8. Be2 {[%clk 1:32:10]} Nbd7
{[%clk 1:32:14]} 9. O-O {[%clk 1:32:16]} Ne4 {[%clk 1:32:20]} 10. Bxe7
{[%clk 1:32:33]} Qxe7 {[%clk 1:32:39]} 11. Rad1 {[%clk 1:32:07]} Nxc3
{[%clk 1:32:43]} 12. bxc3 {[%clk 1:32:17]} f4 {[%clk 1:32:21]} 13. cxd5
{[%clk 1:31:39]} exd5 {[%clk 1:27:15]} 14. c4 {[%clk 1:31:47]} fxe3
{[%clk 1:26:59]} 15. cxd5 {[%clk 1:31:49]} exf2+ {[%clk 1:27:01]} 16. Rxf2
{[%clk 1:31:59]} cxd5 {[%clk 1:26:52]} 17. Qxd5+ {[%clk 1:32:06]} Kh8
{[%clk 1:25:44]} 18. Bd3 {[%clk 1:31:57]} Nf6 {[%clk 1:25:48]} 19. Qg5
{[%clk 1:31:27]} Bg4 {[%clk 1:19:46]} 20. h3 {[%clk 1:29:50]} Bxf3
{[%clk 1:16:26]} 21. Rxf3 {[%clk 1:30:13]} Rad8 {[%clk 1:15:41]} 22. Qh4
{[%clk 1:29:26]} Qd7 {[%clk 1:05:43]} 23. Bc2 {[%clk 1:25:17]} h6
{[%clk 0:57:03]} 24. Qg3 {[%clk 1:24:22]} Qf7 {[%clk 0:49:39]} 25. Bb3
{[%clk 1:21:59]} Qd7 {[%clk 0:48:34]} 26. d5 {[%clk 1:21:00]} Qd6
{[%clk 0:44:18]} 27. Qg6 {[%clk 1:19:34]} Nh7 {[%clk 0:43:34]} 28. Rxf8+
{[%clk 1:19:15]} Nxf8 {[%clk 0:43:39]} 29. Qxd6 {[%clk 1:16:46]} Rxd6
{[%clk 0:44:07]} 30. Rc1 {[%clk 1:17:04]} g5 {[%clk 0:42:32]} 31. Kf2
{[%clk 1:17:19]} Kg7 {[%clk 0:42:52]} 32. Ke3 {[%clk 1:17:45]} Kf6
{[%clk 0:42:06]} 33. Ke4 {[%clk 1:17:32]} Ke7 {[%clk 0:39:59]} 34. Ba4
{[%clk 1:14:12]} Nd7 {[%clk 0:35:24]} 35. Bxd7 {[%clk 1:12:25]} Kxd7
{[%clk 0:35:13]} 36. Ke5 {[%clk 1:11:40]} Ra6 {[%clk 0:32:45]} 37. Rc2
{[%clk 1:12:02]} Ra3 {[%clk 0:33:04]} 38. Rf2 {[%clk 1:11:55]} Re3+
{[%clk 0:32:20]} 39. Kd4 {[%clk 1:10:50]} Re1 {[%clk 0:32:35]} 40. Rf7+
{[%clk 1:11:05]} Re7 {[%clk 0:31:33]} 41. Rf2 {[%clk 1:10:37]} Re1
{[%clk 0:31:29]} 42. g4 {[%clk 1:10:52]} Rd1+ {[%clk 0:31:25]} 43. Ke5
{[%clk 1:10:43]} Re1+ {[%clk 0:31:41]} 44. Kf6 {[%clk 1:10:45]} Re3
{[%clk 0:31:40]} 45. Rh2 {[%clk 1:11:02]} Rd3 {[%clk 0:31:16]} 46. Kg6
{[%clk 1:11:20]} Rxd5 {[%clk 0:31:32]} 47. Kxh6 {[%clk 1:11:46]} b5
{[%clk 0:30:26]} 48. h4 {[%clk 1:12:03]} gxh4 {[%clk 0:30:39]} 49. g5
{[%clk 1:12:21]} Rd4 {[%clk 0:28:52]} 50. g6 {[%clk 1:12:31]} Ke7
{[%clk 0:27:43]} 51. g7 {[%clk 1:12:35]} Rg4 {[%clk 0:25:16]} 52. Kh7
{[%clk 1:12:36]} Kd6 {[%clk 0:17:37]} 53. g8=Q {[%clk 1:12:33]} Rxg8
{[%clk 0:18:00]} 54. Kxg8 {[%clk 1:12:56]} Kc5 {[%clk 0:18:24]} 55. Rxh4
{[%clk 1:13:14]} a5 {[%clk 0:18:44]} 56. Kf7 {[%clk 1:13:22]} a4 {[%clk 0:19:02]}
57. a3 b4 1-0